<?xml version="1.0" encoding="UTF-8"?>
<collection xmlns="http://www.loc.gov/MARC21/slim">
<record>
  <controlfield tag="001">108334</controlfield>
  <controlfield tag="005">20230622083318.0</controlfield>
  <datafield tag="024" ind1="8" ind2=" ">
    <subfield code="2">sideral</subfield>
    <subfield code="a">124492</subfield>
  </datafield>
  <datafield tag="037" ind1=" " ind2=" ">
    <subfield code="a">ART-2021-124492</subfield>
  </datafield>
  <datafield tag="041" ind1=" " ind2=" ">
    <subfield code="a">spa</subfield>
  </datafield>
  <datafield tag="100" ind1=" " ind2=" ">
    <subfield code="a">Sáenz Royo, Eva</subfield>
    <subfield code="u">Universidad de Zaragoza</subfield>
    <subfield code="0">(orcid)0000-0002-5502-3870</subfield>
  </datafield>
  <datafield tag="245" ind1=" " ind2=" ">
    <subfield code="a">La prestación educativa en estados federales: distribución de competencias y financiación en EE. UU., Alemania y España</subfield>
  </datafield>
  <datafield tag="260" ind1=" " ind2=" ">
    <subfield code="c">2021</subfield>
  </datafield>
  <datafield tag="506" ind1="0" ind2=" ">
    <subfield code="a">Access copy available to the general public</subfield>
    <subfield code="f">Unrestricted</subfield>
  </datafield>
  <datafield tag="520" ind1="3" ind2=" ">
    <subfield code="a">La obligación internacional de cumplir el derecho de educación implica la obligación de los poderes públicos de ejercer su función presupuestaria para hacerlo efectivo y garantizar así el acceso a la misma en condiciones de igualdad.
A lo largo de este artículo analizaremos el sistema de distribución competencial en la prestación educativa y su congruencia con la financiación de la misma en dos Estados de larga tradición federal como son EEUU y Alemania. Nos detendremos en el estudio de qué nivel de gobierno asume la prestación educativa y qué nivel de gobierno la paga, así como la congruencia entre ambas a efectos de posible rendición de cuentas. A continuación analizaremos estas mismas cuestiones en España a la luz de la experiencia en el derecho extranjero.

The international obligation to fulfill the right to education implies the obligation of public powers to exercise their budgetary function to make it effective and thus guarantee access to it under equal conditions.

Throughout this article we will analyze the distribution of competences in educational provision and its congruence with its financing in two states with a long federal tradition such as the USA and Germany. We will dwell on the study of which level of government assumes the educational provision and which level of government pays it, as well as the congruence between the two for the purposes of possible accountability. We will analyze these same issues in Spain in the light of experience in the USA and Germany.</subfield>
  </datafield>
  <datafield tag="540" ind1=" " ind2=" ">
    <subfield code="9">info:eu-repo/semantics/openAccess</subfield>
    <subfield code="a">All rights reserved</subfield>
    <subfield code="u">http://www.europeana.eu/rights/rr-f/</subfield>
  </datafield>
  <datafield tag="655" ind1=" " ind2="4">
    <subfield code="a">info:eu-repo/semantics/article</subfield>
    <subfield code="v">info:eu-repo/semantics/acceptedVersion</subfield>
  </datafield>
  <datafield tag="710" ind1="2" ind2=" ">
    <subfield code="1">4005</subfield>
    <subfield code="2">135</subfield>
    <subfield code="a">Universidad de Zaragoza</subfield>
    <subfield code="b">Dpto. Derecho Público</subfield>
    <subfield code="c">Área Derecho Constitucional</subfield>
  </datafield>
  <datafield tag="773" ind1=" " ind2=" ">
    <subfield code="g">29 (2021), [31 pp.]</subfield>
    <subfield code="p">Rev. gener. derecho público comp.</subfield>
    <subfield code="t">Revista General de Derecho publico comparado</subfield>
    <subfield code="x">1988-5091</subfield>
  </datafield>
  <datafield tag="856" ind1="4" ind2=" ">
    <subfield code="s">345130</subfield>
    <subfield code="u">http://zaguan.unizar.es/record/108334/files/texto_completo.pdf</subfield>
    <subfield code="y">Versión publicada</subfield>
  </datafield>
  <datafield tag="856" ind1="4" ind2=" ">
    <subfield code="s">1722660</subfield>
    <subfield code="u">http://zaguan.unizar.es/record/108334/files/texto_completo.jpg?subformat=icon</subfield>
    <subfield code="x">icon</subfield>
    <subfield code="y">Versión publicada</subfield>
  </datafield>
  <datafield tag="856" ind1="4" ind2="1">
    <subfield code="u">https://www.iustel.com/v2/revistas/detalle_revista.asp?id_noticia=423926</subfield>
    <subfield code="z">Texto completo de la revista</subfield>
  </datafield>
  <datafield tag="909" ind1="C" ind2="O">
    <subfield code="o">oai:zaguan.unizar.es:108334</subfield>
    <subfield code="p">articulos</subfield>
    <subfield code="p">driver</subfield>
  </datafield>
  <datafield tag="951" ind1=" " ind2=" ">
    <subfield code="a">2023-06-21-15:02:39</subfield>
  </datafield>
  <datafield tag="980" ind1=" " ind2=" ">
    <subfield code="a">ARTICLE</subfield>
  </datafield>
</record>
</collection>